| 000 | 01689cab a2200253 4500 | ||
|---|---|---|---|
| 001 | ABS67336 | ||
| 008 | 040106n2003 000 0 eng u | ||
| 035 | _a(Sirsi) u124717 | ||
| 100 | _aLackey, P. | ||
| 245 | _aHeritage Protection | ||
| 260 | _c2003 | ||
| 490 |
_aPremises and Facilities Management _vDecember 2003, 31-32(2) |
||
| 520 | _aDescribes how historic and listed buildings can be best protected from the effects of fire. Explains that heritage buildings are often particularly vulnerable to fire because of the fragility of the structure and the fact that they are often open to the public. There are many considerations associated with fire management planning for these buildings but the most important include the use of legislation as a project management tool and the elimination of false and unwanted alarms without dilution of system performance. Advises that an important first step is the identification and understanding of the fire hazards and either eliminating them or managing the risk; all employers have a responsibility to carry out a risk assessment under the Fire Precautions (Workplace) Regulations 1997. Mentions two pieces of legislation to be aware of when considering a system, the BS 5839-1: 2002 and a newly introduced scheme to promote third party accreditation of the main aspects of installation. | ||
| 590 | _aABS | ||
| 650 | _aHERITAGE PROTECTION | ||
| 650 | _aHISTORIC BUILDINGS | ||
| 650 | _aBS 5839-1: 2002 | ||
| 650 | _aMANAGEMENT-PROJECT MANAGEMENT | ||
| 650 | _aFIRE PREVENTION | ||
| 650 | _aFIRE PRECAUTION (WORKPLACE) REGULATIONS 1997 | ||
| 650 | _aFIRE ALARM SYSTEMS | ||
| 690 |
_aHEALTH AND SAFETY _96244 |
||
| 942 | _n0 | ||
| 999 |
_c74018 _d74018 |
||